000146224 001__ 146224 000146224 005__ 20241122150936.0 000146224 037__ $$aTAZ-TFG-2024-4016 000146224 041__ $$aspa 000146224 1001_ $$aGómez González, Alejandro 000146224 24200 $$aTechnological cooperation: firms and innovation 000146224 24500 $$aLa cooperación tecnológica: las empresas y la innovación 000146224 260__ $$aZaragoza$$bUniversidad de Zaragoza$$c2024 000146224 506__ $$aby-nc-sa$$bCreative Commons$$c3.0$$uhttp://creativecommons.org/licenses/by-nc-sa/3.0/ 000146224 520__ $$aEn este trabajo se estudia el comportamiento de las empresas en el entorno de la innovación en función de su involucración en proyectos colaborativos para este fin y de las características que tienen estas colaboraciones tecnológicas para las empresas estudiadas. Tras repasar la literatura previa en el campo de cooperaciones tecnológicas se pretende reforzar la idea del efecto positivo que generan a la hora de conseguir el éxito en la innovación, así como analizar cómo afectan algunas de sus características, tales como su naturaleza geográfica y los tipos de socios con los que se trabaja. Para ello, se ha utilizado una muestra de 7683 empresas que participaron en la encuesta del PITEC 2016, con las que se ha realizado un análisis descriptivo de las variables de interés en función de su tamaño (número de empleados), edad y nivel tecnológico de su sector. En este análisis, se ratifica la relación positiva de la innovación con las colaboraciones. Así como la tendencia también positiva de combinar colaboraciones nacionales e internacionales o de colaborar con distintos tipos de socios al mismo tiempo.<br /><br /> 000146224 521__ $$aGraduado en Marketing e Investigación de Mercados 000146224 540__ $$aDerechos regulados por licencia Creative Commons 000146224 691__ $$a0 000146224 692__ $$a 000146224 700__ $$aFernández Olmos, Marta$$edir. 000146224 7102_ $$aUniversidad de Zaragoza$$bDirección y Organización de Empresas$$cOrganización de Empresas 000146224 8560_ $$f781024@unizar.es 000146224 8564_ $$s1168944$$uhttps://zaguan.unizar.es/record/146224/files/TAZ-TFG-2024-4016.pdf$$yMemoria (spa) 000146224 909CO $$ooai:zaguan.unizar.es:146224$$pdriver$$ptrabajos-fin-grado 000146224 950__ $$a 000146224 951__ $$adeposita:2024-11-22 000146224 980__ $$aTAZ$$bTFG$$cECON 000146224 999__ $$a20240905114544.CREATION_DATE